[Event "Asti Alfieri Memorial 5th"]
[Site "Asti"]
[Date "2010.04.18"]
[Round "5"]
[White "Gamba, Ezio"]
[Black "De Francisci, Luigi"]
[Result "0-1"]
[WhiteElo "1868"]
[BlackElo "1914"]
[PlyCount "124"]
[EventDate "2010.04.16"]
[EventType "swiss"]
[EventRounds "5"]
[EventCountry "ITA"]
[SourceTitle "EXT 2024"]
[Source "ChessBase"]
[SourceDate "2023.10.10"]
[SourceVersion "1"]
[SourceVersionDate "2023.10.10"]
[SourceQuality "1"]

1. e4 g6 2. d4 Bg7 3. Nf3 d6 4. Bc4 e6 5. 0-0 a6 6. c3 Nd7 7. Re1 h6 8. Be3 b6 9. Nbd2 Ne7 10. Nf1 Bb7 11. Bd3 Nf6 12. Ng3 Qd7 13. Qc2 h5 14. h4 Ng4 15. Rad1 Nxe3 16. Rxe3 Bh6 17. Ree1 Kf8 18. Qe2 Kg7 19. e5 Nd5 20. Be4 Nf4 21. Qc2 d5 22. Bd3 Nxd3 23. Rxd3 Qe7 24. Nf1 a5 25. N1h2 Ba6 26. Rdd1 c5 27. g4 hxg4 28. Nxg4 Kf8 29. Nf6 Bg7 30. Ng4 Bb5 31. Kg2 Rxh4 32. Nxh4 Qxh4 33. f3 Bc6 34. Rh1 Qg5 35. Qd2 Qf5 36. Nh6 Bxh6 37. Qxh6+ Ke7 38. Qd2 Rc8 39. Kf2 Ba4 40. b3 Bd7 41. Rc1 a4 42. dxc5 bxc5 43. f4 g5 44. Rh5 axb3 45. axb3 Qxf4+ 46. Qxf4 gxf4 47. Kf3 Rb8 48. Rb1 Ba4 49. b4 cxb4 50. Kxf4 b3 51. Rb2 Rc8 52. Rh3 Rc4+ 53. Kg5 Re4 54. Rh4 Rxe5+ 55. Kh6 Re4 56. Rxe4 dxe4 57. Kg5 Kd6 58. Kf4 Kc5 59. Kxe4 Kc4 60. Rf2 Kxc3 61. Rxf7 Bc6+ 62. Ke5 Bd5 0-1